Acodal : (Registro nro. 19258)

Detalles MARC
000 -CABECERA
Campo de control 01126nas a2200277 a 4500
005 - FECHA Y HORA DE LA ULTIMA TRANSACCION
Campo de control 20170130151203.0
008 - ELEMENTOS DE LONGITUD FIJA—INFORMACION GENERAL
Campo de control 881109u19589999ck x p r f0 0b0spa d
022 ## - ISSN
ISSN 0120-0798
040 ## - FUENTE DE CATALOGACIÓN
Agencia catalogadora original CO-BoBLA
Agencia transcriptora CO-BoBLA
041 0# - IDIOMA
Código de idioma para texto/pista de sonido o título separado Español
044 ## - PAÍS DE PUBLICACIÓN
País de publicación Colombia
090 ## - CLASIFICACIÓN LOCAL
Colección SE
245 00 - MENCION DE TITULO
Título Acodal :
Parte restante del título Asociación Colombiana de Ingeniería Sanitaria y Ambiental
246 1# - FORMA VARIANTE DEL TITULO
Título propiamente dicho/forma breve del título Asociación Colombiana de Acueductos y Alcantarillados.
246 14 - FORMA VARIANTE DEL TITULO
Título propiamente dicho/forma breve del título Acodal revista
260 ## - PUBLICACION, DISTRIBUCION, ETC. (PIE DE IMPRENTA)
Lugar de publicación, distribución, etc. Bogotá :
Nombre del editor, distribuidor, etc. Asociación Colombiana de Ingeniería Sanitaria y Ambiental,
Fecha de publicación, distribución, etc. 1958-
300 ## - DESCRIPCION FISICA
Otros detalles físicos ilustraciones ;
Dimensiones 24 x 21 cm.
310 ## - FRECUENCIA ACTUAL DE LA PUBLICACIÓN
Frecuencia actual de la publicación Desconocido
650 #4 - ASIENTO SECUNDARIO DE MATERIA - TERMINO TEMATICO
Término temático o nombre geográfico como elemento de entrada Acueductos
Subdivisión geográfica Colombia
Subdivisión de forma Publicaciones seriadas
9 (RLIN) 78555
650 26 - ASIENTO SECUNDARIO DE MATERIA - TERMINO TEMATICO
Término temático o nombre geográfico como elemento de entrada Evacuación de aguas residuales
Subdivisión geográfica Colombia
Subdivisión de forma Publicaciones seriadas
9 (RLIN) 78556
651 24 - ASIENTO SECUNDARIO DE MATERIA - NOMBRE GEOGRAFICO
Nombre geográfico Bogotá (Colombia)
Subdivisión de forma Publicaciones seriadas
Subdivisión geográfica Publicaciones seriadas.
9 (RLIN) 78557
651 24 - ASIENTO SECUNDARIO DE MATERIA - NOMBRE GEOGRAFICO
Nombre geográfico Colombia
Subdivisión de forma Publicaciones seriadas
9 (RLIN) 78558
710 2# - ASIENTO SECUNDARIO - NOMBRE CORPORATIVO
Nombre corporativo o de jurisdicción como elemento de entrada Asociación Colombiana de Acueductos y Alcantarillados :
Lugar de la reunión (Bogotá)
9 (RLIN) 78559
710 2# - ASIENTO SECUNDARIO - NOMBRE CORPORATIVO
Nombre corporativo o de jurisdicción como elemento de entrada ACODAL (Asociación colombiana de ingeniería sanitaria y ambiental)
9 (RLIN) 36939
942 ## - ELEMENTOS ADICIONALES (KOHA)
Sistema de clasificación Local
Tipo de ítem Periodica o revista
Serial record 1
Existencias
Withdrawn status Lost status Sistema de Clasificación Damaged status No para préstamo Colección Fecha publicación (Año) Volumen revista Número revista Inventariado Ubicación Permanente Ubicación actual Fecha de adquisición Datos de publicación Seriada Total Checkouts Número topográfico Inventario / Código de Barras Date last seen Ejemplar Price effective from Forma de adquisición Tipo de material
    Local     Hemeroteca 2007 Año 50 217 Inventariado 2017 Bogotá Bogotá 30/01/2017 Año 50, No 217   SE 058030 30/01/2017 Ej. 1 30/01/2017 Donación Periodica o revista
    Local     Hemeroteca 2010   226 Inventariado 2017 Bogotá Bogotá 30/01/2017 No 226   SE 058027 30/01/2017 Ej. 1 30/01/2017 Donación Periodica o revista
    Local     Hemeroteca 2011   227 Inventariado 2017 Bogotá Bogotá 30/01/2017 No 227   SE 058028 30/01/2017 Ej. 1 30/01/2017 Donación Periodica o revista
    Local     Hemeroteca 2011   228 Inventariado 2017 Bogotá Bogotá 30/01/2017 No 228   SE 058029 30/01/2017 Ej. 1 30/01/2017 Donación Periodica o revista